<?xml version="1.0" encoding="UTF-8"?>
<collection xmlns="http://www.loc.gov/MARC21/slim">
 <record>
  <leader>02015pam a22002538a 4500</leader>
  <controlfield tag="001">00022686</controlfield>
  <controlfield tag="005">20171026081025.0</controlfield>
  <controlfield tag="008">110601s2005                  ||||||Viesd</controlfield>
  <datafield tag="041" ind1="0" ind2="#">
   <subfield code="a">Vie</subfield>
  </datafield>
  <datafield tag="082" ind1="1" ind2="4">
   <subfield code="a">781.4</subfield>
   <subfield code="b">Đ419GH</subfield>
  </datafield>
  <datafield tag="100" ind1="0" ind2="#">
   <subfield code="a">Phạm Thanh Vân</subfield>
  </datafield>
  <datafield tag="245" ind1="0" ind2="0">
   <subfield code="a">Đọc ghi nhạc</subfield>
   <subfield code="b">Giáo trình CĐSP</subfield>
   <subfield code="c">Phạm Thanh Vân, Nguyễn Hoàng Thông</subfield>
   <subfield code="n">Tập 2</subfield>
  </datafield>
  <datafield tag="260" ind1="#" ind2="#">
   <subfield code="a">H.</subfield>
   <subfield code="b">ĐHSP</subfield>
   <subfield code="c">2005</subfield>
  </datafield>
  <datafield tag="300" ind1="#" ind2="#">
   <subfield code="a">199 tr.</subfield>
   <subfield code="c">24 cm.</subfield>
  </datafield>
  <datafield tag="500" ind1="#" ind2="#">
   <subfield code="a">Bộ GD và đào tạo</subfield>
  </datafield>
  <datafield tag="653" ind1="#" ind2="#">
   <subfield code="a">Âm nhạc</subfield>
  </datafield>
  <datafield tag="653" ind1="#" ind2="#">
   <subfield code="a">Đọc ghi nhạc</subfield>
  </datafield>
  <datafield tag="700" ind1="0" ind2="#">
   <subfield code="a">Nguyễn Hoàng Thông</subfield>
  </datafield>
  <datafield tag="852" ind1="#" ind2="#">
   <subfield code="b">Kho mượn</subfield>
   <subfield code="j">KGT.0014815</subfield>
  </datafield>
  <datafield tag="852" ind1="#" ind2="#">
   <subfield code="b">Kho đọc</subfield>
   <subfield code="j">KD.0007460</subfield>
  </datafield>
  <datafield tag="852" ind1="#" ind2="#">
   <subfield code="j">KGT.0014815, KGT.0014816, KGT.0014817, KGT.0014818, KGT.0014819, KGT.0014820, KGT.0014821, KGT.0014822, KGT.0014823, KGT.0014824, KGT.0014825, KGT.0014826, KGT.0014827, KGT.0014828, KGT.0014829, KGT.0014830, KGT.0014831, KGT.0014832, KGT.0014833, KGT.0014834, KGT.0014835, KGT.0014836, KGT.0014837, KGT.0014838, KGT.0014839, KGT.0014840, KGT.0014841, KGT.0014842, KGT.0014843, KGT.0014844, KGT.0014845, KGT.0014846, KGT.0014847, KGT.0014848, KGT.0014849, KGT.0014850, KGT.0014851, KGT.0014852, KGT.0014853, KGT.0014854, KGT.0014855, KGT.0032659, KGT.0032660, KGT.0032734, KGT.0032824</subfield>
   <subfield code="b">Kho giáo trình</subfield>
  </datafield>
  <datafield tag="852" ind1="#" ind2="#">
   <subfield code="j">KGT.0014816</subfield>
   <subfield code="j">KGT.0014817</subfield>
   <subfield code="j">KGT.0014819</subfield>
   <subfield code="j">KGT.0014820</subfield>
   <subfield code="j">KGT.0014822</subfield>
   <subfield code="j">KGT.0014823</subfield>
   <subfield code="j">KGT.0014826</subfield>
   <subfield code="j">KGT.0014827</subfield>
   <subfield code="j">KGT.0014828</subfield>
   <subfield code="j">KGT.0014830</subfield>
   <subfield code="j">KGT.0014831</subfield>
   <subfield code="j">KGT.0014833</subfield>
   <subfield code="j">KGT.0014834</subfield>
   <subfield code="j">KGT.0014836</subfield>
   <subfield code="j">KGT.0014837</subfield>
   <subfield code="j">KGT.0014839</subfield>
   <subfield code="j">KGT.0014840</subfield>
   <subfield code="j">KGT.0014842</subfield>
   <subfield code="j">KGT.0014843</subfield>
   <subfield code="j">KGT.0014845</subfield>
   <subfield code="j">KGT.0014846</subfield>
   <subfield code="j">KGT.0014848</subfield>
   <subfield code="j">KGT.0014850</subfield>
   <subfield code="j">KGT.0014851</subfield>
   <subfield code="j">KGT.0014853</subfield>
   <subfield code="j">KGT.0014854</subfield>
   <subfield code="j">KGT.0032734</subfield>
   <subfield code="j">KGT.0032659</subfield>
   <subfield code="j">KGT.0032660</subfield>
   <subfield code="j">KGT.0032824</subfield>
   <subfield code="j">KGT.0048985</subfield>
   <subfield code="j">KGT.0048964</subfield>
   <subfield code="j">KD.0007460</subfield>
   <subfield code="j">KGT.0014815</subfield>
   <subfield code="j">KGT.0014818</subfield>
   <subfield code="j">KGT.0014821</subfield>
   <subfield code="j">KGT.0014824</subfield>
   <subfield code="j">KGT.0014825</subfield>
   <subfield code="j">KGT.0014829</subfield>
   <subfield code="j">KGT.0014832</subfield>
   <subfield code="j">KGT.0014835</subfield>
   <subfield code="j">KGT.0014838</subfield>
   <subfield code="j">KGT.0014841</subfield>
   <subfield code="j">KGT.0014844</subfield>
   <subfield code="j">KGT.0014847</subfield>
   <subfield code="j">KGT.0014849</subfield>
   <subfield code="j">KGT.0014852</subfield>
   <subfield code="j">KGT.0014855</subfield>
  </datafield>
  <datafield tag="910" ind1=" " ind2=" ">
   <subfield code="d">01/06/2011</subfield>
  </datafield>
  <datafield tag="980" ind1="#" ind2="#">
   <subfield code="a">Trung tâm Học liệu Lê Vũ Hùng, Trường Đại học Đồng Tháp</subfield>
  </datafield>
 </record>
</collection>
